000 00755nam a2200241Ia 4500
003 OSt
005 20220926032316.0
006 a|||||r|||| 00| 0
007 ta
008 220923b |||||||| |||| 00| 0 eng d
037 _cGeneral Book
040 _aRTL
_cRTL
_beng
041 _2eng
_aeng
082 _aX:3M24xM18:g(Y5).58. N23 <---N17, L6
100 _aBettelheim Charles
245 0 _aClass struggles in the USSR
_b First period 1917-19
260 _aSussen
_bHarvostor Press
_c1976
300 _a267p
_ccm.
500 _aBibliogrpahy p 531-37
650 _aEconomics Classics Karl Marx
942 _hX:3M24xM18:g(Y5).58. N23 <---N17, L6
_cGB
_2CC
999 _c654372
_d654372